Canadian Geography by Letter - S - Statistics

General Stats
  • This quiz has been taken 22 times
  • The average score is 5 of 15
Answer Stats
Hint Answer % Correct
Prairie province without any natural borders, home to 100,000 lakes Saskatchewan
100%
Great lake that's bigger and better than all the rest Lake {Superior}
94%
Largest city in that province, founded as a temperance colony Saskatoon
94%
Third largest city in northern Ontario. On the US border with a city of the same name Sault Ste. Marie
56%
Most numerous species of tree in Canada Spruce
50%
Largest community of the Cape Breton Regional Municipality in Nova Scotia Sydney
28%
City in Quebec. Site of Canada's biggest overland flood of the 20th century in 1996 Saguenay
22%
Second largest city in PEI, service centre for the western part of the island Summerside
22%
A series of mesas on a peninsula that runs along the northern side of Canada's largest lake Sleeping Giant
11%
Town in New Brunswick. Lobster Capital of the World Shediac
6%
Canal in Nova Scotia which links Halifax harbour with the Bay of Fundy {Shubenacadie} Canal
6%
River that runs through southern BC. Name means "treacherous waters" {Similkameen} River
6%
Largest body of freshwater in Newfoundland. Named after its first premier {Smallwood} Reservoir
6%
River in northwestern BC which runs through the Alaska panhandle {Stikine} River
6%
Former city across the river from Edmonton. Amalgamated in 1912 Strathcona
0%
No matching quizzes found
Score Distribution
Percent of People with Each Score
Percentile by Number Answered
Your Score History
You have not taken this quiz